000 007380000a22002770004500
003 GT
004 KMB
500 _aBibliography at the end/A research project submitted to IHSS, T.U.
650 _aRural development
650 _aEvaluation
651 _aNepal
650 _aVillage development
650 _aSajha organization Centre area development
650 _aSmall Farmer Development Programme
650 _aCooperative societies
518 _a950530
100 _aPradhanang, Aishwarya Lal
245 _aA study of Rural Development Project in Nepal
260 _aKathmandu, Nepal
260 _c1985
041 _aEng
300 _av,114p.
_bmaps
082 _a301.35
_bP882s
_cN
530 _aM
942 _cGEN
999 _c11727
_d11727